El golpe del '76 /

Guardado en:
Formato: Deslizar
Materias:
Etiquetas: Agregar Etiqueta
Sin Etiquetas, Sea el primero en etiquetar este registro!
LEADER 00893ngm a22002535g 4500
001 CEM.cems022798
008 130507b2007##################0###0#####d
005 20241120140132.0
245 0 0 |a El golpe del '76 / 
300 |a 48'. 
500 |a En soporte VHS, consultar en ventanilla. 
505 0 |a El golpe del '76. Testimonios de políticos ex-detenidos. La desaparición de personas. La apropiación de niños. Los hijos recuperados. 
538 |a Soporte: VHS - Norma: Pal N - Color: Si - Grabación DRD 2007 - Hitachi=0000 
082 9 8 |/ GOL 
653 |a HISTORIA 
653 |a HISTORIA ARGENTINA 
653 |a PROCESO 
653 |a DICTADURA 
653 |a GOLPE DE ESTADO 
653 |a PROCESO DE REORGANIZACION NACIONAL 
653 |a DESAPARECIDOS 
653 |a NIVEL PRIMARIO 
653 |a NIVEL SECUNDARIO 
859 |a CEMS  |b BIB. CEMS - Depto. Recursos Didacticos  |h 982  |i GOL  |k DRD  |p 1441.12  |t Ej.1